[Event "Dublin zt"]
[Site "Dublin"]
[Date "1993.??.??"]
[Round "1"]
[White "Kumaran, Dharshan"]
[Black "O'Connell, Gerard"]
[Result "1/2-1/2"]
[WhiteElo "2385"]
[BlackElo "2165"]
[EventDate "1993.04.??"]
[PlyCount "120"]

1.d4 Nf6 2.c4 g6 3.Nc3 d5 4.Nf3 Bg7 5.Bg5 Ne4 6.cxd5 Nxg5 7.Nxg5 e6 8.Nf3 
exd5 9.b4 O-O 10.e3 Be6 11.Be2 Nd7 12.O-O f5 13.Re1 Kh8 14.Bd3 Bg8 15.Ne2 
c6 16.Rc1 a6 17.a4 Rc8 18.Nf4 Qf6 19.Bf1 Bf7 20.Nd3 Qe7 21.b5 axb5 22.axb5
c5 23.dxc5 Nxc5 24.Nxc5 Rxc5 25.Qa4 Rfc8 26.Rxc5 Qxc5 27.h4 Bf6 28.Bd3 Re8
29.Rd1 Kg7 30.h5 Rc8 31.Qf4 Qc7 32.h6+ Kg8 33.Qa4 Qc5 34.Bb1 d4 35.exd4 
Qd5 36.Re1 Rd8 37.Re2 Qc4 38.Qxc4 Bxc4 39.Ba2 Bxa2 40.Rxa2 Kf7 41.Ra7 Rd7 
42.Ne5+ Bxe5 43.dxe5 g5 44.Ra8 Re7 45.Rb8 Kg6 46.g3 g4 47.f4 gxf3 48.Kf2 
Rxe5 49.Rxb7 Kxh6 50.Kxf3 Re4 51.Rb8 Rb4 52.b6 Kg7 53.Ke3 h5 54.Kf3 h4 55.
gxh4 Rxh4 56.Rb7+ Kg6 57.Kg3 Rb4 58.Rb8 Kg7 59.b7 Kh7 60.Rf8 Rxb7 1/2-1/2

[Event "Dublin zt"]
[Site "Dublin"]
[Date "1993.??.??"]
[Round "1"]
[White "Sadler, Matthew D"]
[Black "Ludgate, Alan"]
[Result "1-0"]
[WhiteElo "2540"]
[BlackElo "2250"]
[EventDate "1993.04.??"]
[PlyCount "95"]

1.d4 g6 2.c4 Bg7 3.e4 d6 4.Nc3 Nd7 5.f4 c5 6.d5 Bxc3+ 7.bxc3 Ngf6 8.Bd3 
Qa5 9.Bd2 b5 10.Nf3 bxc4 11.Bc2 Qc7 12.O-O Nb6 13.Qe1 Bd7 14.a4 a5 15.Ng5 
Rf8 16.e5 Nfxd5 17.Nxh7 Rh8 18.Ng5 Bf5 19.Bxf5 gxf5 20.e6 fxe6 21.Qxe6 Qd7
22.Qg6+ Kd8 23.Ne6+ Kc8 24.Qxf5 Kb7 25.Qe4 Ka6 26.f5 Nf6 27.Qf3 Qb7 28.Bg5
Qxf3 29.Rxf3 Kb7 30.Nf4 Rh7 31.Ng6 Nbd5 32.Re1 Re8 33.Re6 Rf7 34.h4 Kc7 
35.Rh3 Kd7 36.Bxf6 Nxf6 37.Re1 e5 38.fxe6+ Rxe6 39.Rf1 Re4 40.h5 Ke6 41.
Rhf3 Rg4 42.Nf4+ Ke5 43.Nh3 d5 44.Rf5+ Ke6 45.Ng5+ Rxg5 46.Rxg5 Ne4 47.
Rg6+ Ke7 48.h6 1-0

[Event "Dublin zt"]
[Site "Dublin"]
[Date "1993.??.??"]
[Round "1"]
[White "Waters, Michael"]
[Black "Parker, Jonathan"]
[Result "0-1"]
[WhiteElo "2100"]
[BlackElo "2350"]
[EventDate "1993.04.??"]
[PlyCount "72"]

1.e4 c5 2.Nc3 Nc6 3.f4 g6 4.Nf3 Bg7 5.Bc4 e6 6.d3 Nge7 7.O-O O-O 8.Qe1 Nd4
9.Nxd4 cxd4 10.Ne2 d5 11.Bb3 dxe4 12.dxe4 a5 13.a4 Nc6 14.Rf3 b6 15.Bd2 
Bb7 16.Rd1 Qe7 17.Ng3 Rad8 18.f5 Ne5 19.Rf1 Ba6 20.Rf2 d3 21.Bc3 dxc2 22.
Bxc2 Qc5 23.b4 Nf3+ 24.gxf3 Qxc3 25.Qxc3 Bxc3 26.b5 Bb7 27.Ne2 Bb4 28.Kg2 
exf5 29.exf5 Rxd1 30.Bxd1 Rd8 31.Bc2 Bc5 32.Rf1 Rd2 33.Bd1 Bd5 34.Kg3 Bc4 
35.Re1 Kg7 36.fxg6 hxg6 0-1

[Event "Dublin zt"]
[Site "Dublin"]
[Date "1993.??.??"]
[Round "2"]
[White "Daly, Colm"]
[Black "Sadler, Matthew D"]
[Result "0-1"]
[WhiteElo "2275"]
[BlackElo "2540"]
[EventDate "1993.04.??"]
[PlyCount "76"]

1.c4 e5 2.Nc3 Nc6 3.Nf3 Nf6 4.d3 g6 5.g3 Bg7 6.Bg2 O-O 7.Bg5 h6 8.Bxf6 
Qxf6 9.Rb1 a5 10.a3 d6 11.Nd5 Qd8 12.b4 axb4 13.axb4 Nd4 14.Nxd4 exd4 15.
b5 Bg4 16.h3 Bd7 17.Nb4 Qc8 18.Nd5 Kh7 19.h4 Re8 20.b6 Ra2 21.bxc7 Ba4 22.
Nb6 Qg4 23.O-O Bxd1 24.Bf3 Bxe2 25.Bxg4 Bxg4 26.Rfe1 Rb2 27.Rxb2 Rxe1+ 28.
Kg2 Re8 29.f3 Bf5 30.g4 Be6 31.Re2 Be5 32.Re4 g5 33.hxg5 hxg5 34.c5 Rh8 
35.cxd6 Bxd6 36.Rxe6 fxe6 37.c8=Q Rxc8 38.Nxc8 Bc5 0-1

[Event "Dublin zt"]
[Site "Dublin"]
[Date "1993.??.??"]
[Round "2"]
[White "Hodgson, Julian M"]
[Black "Duncan, Christopher R"]
[Result "1-0"]
[WhiteElo "2565"]
[BlackElo "2285"]
[EventDate "1993.04.??"]
[PlyCount "89"]

1.d4 d5 2.c4 dxc4 3.Nf3 Nf6 4.Nc3 c5 5.d5 e6 6.e4 exd5 7.e5 Nfd7 8.Bg5 Be7
9.Bxe7 Qxe7 10.Nxd5 Qd8 11.Qc2 Nb6 12.O-O-O Nxd5 13.Bxc4 O-O 14.Rxd5 Qe7 
15.h4 Nc6 16.Qe4 Be6 17.Ng5 g6 18.Nxe6 fxe6 19.Rd6 Nd4 20.Rd1 b5 21.R1xd4 
cxd4 22.Bxe6+ Kh8 23.Qxd4 Rad8 24.Bd7 g5 25.e6+ Kg8 26.Rd5 gxh4 27.Rxb5 
Rb8 28.Rc5 Rf4 29.Qe5 Rd8 30.f3 h3 31.gxh3 Rxf3 32.Rc4 Rf1+ 33.Kc2 Rg1 34.
a4 Rf8 35.Kb3 Rg2 36.Ka2 Rff2 37.Rc8+ Rf8 38.Rxf8+ Kxf8 39.Qb8+ Kg7 40.
Qxa7 Kh6 41.Qe3+ Kg7 42.Qc3+ Kg8 43.a5 Qd6 44.Ba4 Rd2 45.Qxd2 1-0

[Event "Dublin zt"]
[Site "Dublin"]
[Date "1993.??.??"]
[Round "2"]
[White "James, David J"]
[Black "Roberts, Paul"]
[Result "1-0"]
[WhiteElo "2285"]
[BlackElo "2160"]
[EventDate "1993.04.??"]
[PlyCount "61"]

1.d4 Nf6 2.c4 c5 3.d5 b5 4.cxb5 a6 5.f3 d6 6.e4 g6 7.Na3 Bg7 8.Ne2 O-O 9.
Nc3 Nbd7 10.Be2 axb5 11.Naxb5 Ba6 12.O-O Qb8 13.a4 Rc8 14.f4 Ne8 15.Be3 c4
16.Bd4 Nc5 17.Bxg7 Nxg7 18.Ra3 f5 19.e5 Bxb5 20.Nxb5 Ne4 21.Qd4 Ne8 22.g4 
Rc5 23.gxf5 gxf5 24.Kh1 Ng7 25.Rg1 Qf8 26.Bf3 Qf7 27.Bxe4 fxe4 28.Rag3 
Rxa4 29.Rxg7+ Qxg7 30.Rxg7+ Kxg7 31.exd6+ 1-0

[Event "Dublin zt"]
[Site "Dublin"]
[Date "1993.??.??"]
[Round "2"]
[White "Levitt, Jonathan"]
[Black "Smith, Andrew Philip"]
[Result "1-0"]
[WhiteElo "2460"]
[BlackElo "2265"]
[EventDate "1993.04.??"]
[PlyCount "67"]

1.d4 Nf6 2.c4 c5 3.d5 b5 4.cxb5 a6 5.f3 d6 6.e4 g6 7.a4 Bg7 8.Na3 O-O 9.
Ne2 e6 10.dxe6 Bxe6 11.Nf4 d5 12.Be2 Qe7 13.e5 Nh5 14.Nxh5 gxh5 15.f4 Qh4+
16.g3 Qh3 17.Bf1 Qg4 18.Qxg4 hxg4 19.Bg2 f6 20.f5 fxe5 21.fxe6 e4 22.Rf1 
Rf3 23.Rb1 Bf6 24.Bh6 axb5 25.axb5 Ra4 26.h3 Rb4 27.hxg4 Rxf1+ 28.Kxf1 
Bxb2 29.Bf4 Bxa3 30.Rxb4 cxb4 31.Ke2 b3 32.Kd1 b2 33.Kc2 e3 34.Bf1 1-0

[Event "Dublin zt"]
[Site "Dublin"]
[Date "1993.??.??"]
[Round "2"]
[White "Mannion, Stephen R"]
[Black "Greer, Kieran"]
[Result "1-0"]
[WhiteElo "2405"]
[BlackElo "2230"]
[EventDate "1993.04.??"]
[PlyCount "70"]

1.e4 e5 2.Nf3 Nc6 3.Bb5 g6 4.O-O Bg7 5.c3 a6 6.Ba4 d6 7.Re1 Ne7 8.h3 O-O 
9.d4 h6 10.dxe5 dxe5 11.Nbd2 Be6 12.Qe2 Qd7 13.Bc2 Nc8 14.Nb3 b6 15.Be3 
Nd6 16.Rad1 Qe7 17.Nh2 a5 18.Ng4 Kh7 19.f4 exf4 20.Bxf4 Nc4 21.Bb1 a4 22.
Nd4 Qc5 23.Qf2 Bxg4 24.hxg4 N6e5 25.Qe2 a3 26.b4 Qe7 27.Rf1 Qh4 28.Rde1 c5
29.bxc5 bxc5 30.Nb3 g5 31.Bxe5 Bxe5 32.Rf3 Qh2+ 33.Kf2 Qh4+ 34.Kg1 Bg3 35.
Rxg3 Qxg4 1-0

[Event "Dublin zt"]
[Site "Dublin"]
[Date "1993.??.??"]
[Round "2"]
[White "Parker, Jonathan"]
[Black "Crouch, Colin S"]
[Result "1/2-1/2"]
[WhiteElo "2350"]
[BlackElo "2415"]
[EventDate "1993.04.??"]
[PlyCount "62"]

1.d4 d5 2.c4 e6 3.Nc3 Nf6 4.Nf3 dxc4 5.e4 Bb4 6.Bg5 c5 7.Bxc4 cxd4 8.Nxd4 
Bxc3+ 9.bxc3 Qa5 10.Bb5+ Bd7 11.Bxf6 gxf6 12.Qb3 a6 13.Be2 Nc6 14.O-O O-O 
15.Qxb7 Qxc3 16.Nf3 Ra7 17.Qb3 Qxb3 18.axb3 Rb8 19.Ra3 a5 20.Bc4 Kf8 21.
Rfa1 Ke7 22.Kf1 Bc8 23.Ke2 Ba6 24.Rc1 Rb4 25.Bxa6 Rxa6 26.Nd2 Nd4+ 27.Ke3 
f5 28.Rc5 fxe4 29.Raxa5 Rxa5 30.Rxa5 Nc2+ 31.Ke2 Nd4+ 1/2-1/2

[Event "Dublin zt"]
[Site "Dublin"]
[Date "1993.??.??"]
[Round "2"]
[White "Rossiter, Philip J"]
[Black "McNab, Colin A"]
[Result "0-1"]
[WhiteElo "2270"]
[BlackElo "2490"]
[EventDate "1993.04.??"]
[PlyCount "92"]

1.d4 d6 2.c4 e5 3.Nf3 e4 4.Nfd2 f5 5.e3 Nf6 6.Nc3 c5 7.Be2 Be7 8.O-O Nc6 
9.Nb3 O-O 10.f3 Kh8 11.Qc2 cxd4 12.exd4 Qb6 13.Qd1 exf3 14.Rxf3 Bd7 15.Be3
Ng4 16.Nd5 Qd8 17.Bf4 Bg5 18.Qd2 Bxf4 19.Qxf4 Be6 20.Rg3 Bxd5 21.cxd5 Nb4 
22.Bxg4 fxg4 23.Qxg4 Qe7 24.Qe6 Rae8 25.a3 Nxd5 26.Qxe7 Rxe7 27.Nd2 Nf4 
28.Rf3 Kg8 29.Raf1 Re2 30.Nc4 g5 31.Nxd6 Rxg2+ 32.Kh1 Rxb2 33.h4 Rb6 34.
Ne4 Rh6 35.Nxg5 Rxh4+ 36.Kg1 Rg4+ 37.Kh2 Rxg5 38.Rxf4 Rxf4 39.Rxf4 Kg7 40.
Re4 Kf6 41.Kh3 Rg7 42.a4 Rg5 43.Re8 Ra5 44.Rh8 h5 45.Rh6+ Kg5 46.Rh7 b6 
0-1

[Event "Dublin zt"]
[Site "Dublin"]
[Date "1993.??.??"]
[Round "3"]
[White "Arkell, Keith C"]
[Black "Costello, Colin"]
[Result "1-0"]
[WhiteElo "2450"]
[BlackElo "2245"]
[EventDate "1993.04.??"]
[PlyCount "93"]

1.d4 d5 2.c4 e6 3.Nc3 Nf6 4.Bg5 Be7 5.e3 O-O 6.cxd5 exd5 7.Bd3 Nbd7 8.Qc2 
Re8 9.Nf3 c6 10.O-O Nf8 11.Bxf6 Bxf6 12.b4 Bg4 13.Nd2 Qd6 14.Rab1 a6 15.a4
Bd8 16.Rfc1 Bc7 17.Nf1 Re6 18.h3 Bh5 19.b5 axb5 20.axb5 Bg6 21.bxc6 bxc6 
22.Bxg6 Nxg6 23.Nb5 cxb5 24.Qxc7 Qa6 25.Qd7 Rb8 26.Ra1 Rd6 27.Qc7 Qb6 28.
Ra7 Nh8 29.Rb7 Qxc7 30.Rcxc7 Rdd8 31.Nd2 h6 32.Nb3 Kh7 33.Na5 Kg6 34.Nc6 
Rxb7 35.Rxb7 Rd6 36.Nb4 Kf6 37.Rxb5 Ke6 38.Nd3 Ng6 39.g4 Ne7 40.Nf4+ Kf6 
41.Nh5+ Kg6 42.Rb7 Nc6 43.Rb6 f5 44.Nf4+ Kg5 45.gxf5 Kxf5 46.Nxd5 Rxd5 47.
Rxc6 1-0

[Event "Dublin zt"]
[Site "Dublin"]
[Date "1993.??.??"]
[Round "3"]
[White "Crouch, Colin S"]
[Black "Webster, Andrew"]
[Result "1/2-1/2"]
[WhiteElo "2415"]
[BlackElo "2330"]
[EventDate "1993.04.??"]
[PlyCount "81"]

1.d4 Nf6 2.c4 d6 3.Nc3 e5 4.Nf3 Nbd7 5.Bg5 Be7 6.e3 Ng8 7.Bxe7 Nxe7 8.b4 
O-O 9.Be2 a5 10.a3 exd4 11.exd4 Ng6 12.O-O Nf4 13.Re1 Nxe2+ 14.Qxe2 Nf6 
15.b5 b6 16.Qe7 Bg4 17.Ng5 h6 18.Qxd8 Raxd8 19.Nge4 Nxe4 20.Rxe4 Be6 21.d5
Bd7 22.Rae1 Rfe8 23.Rxe8+ Rxe8 24.Rxe8+ Bxe8 25.f3 g5 26.Kf2 Kg7 27.Ke3 
Bd7 28.Ne2 Kf6 29.Nd4 Ke5 30.g3 Be8 31.f4+ gxf4+ 32.gxf4+ Kf6 33.Ne2 Bd7 
34.Ng3 Bf5 35.Kd4 Kg6 36.h4 Kf6 37.Nh5+ Kg6 38.Ng3 Kf6 39.Ke3 Kg6 40.Ke2 
Kf6 41.Kd2 1/2-1/2

[Event "Dublin zt"]
[Site "Dublin"]
[Date "1993.??.??"]
[Round "3"]
[White "Howell, James C"]
[Black "Hodgson, Julian M"]
[Result "1/2-1/2"]
[WhiteElo "2470"]
[BlackElo "2565"]
[EventDate "1993.04.??"]
[PlyCount "44"]

1.e4 d6 2.d4 Nf6 3.Nc3 g6 4.g3 Na6 5.Bg2 c5 6.Nge2 Bg7 7.h3 cxd4 8.Nxd4 
O-O 9.Be3 Nc7 10.Nb3 Bd7 11.O-O Nb5 12.Ne2 Qc8 13.Kh2 h5 14.c4 Nc7 15.c5 
Bc6 16.cxd6 exd6 17.Rc1 Bxe4 18.Bxe4 Nxe4 19.Qc2 Nc5 20.Nxc5 dxc5 21.Qxc5 
Ne6 22.Qb4 Qb8 1/2-1/2

[Event "Dublin zt"]
[Site "Dublin"]
[Date "1993.??.??"]
[Round "3"]
[White "Parker, Jonathan"]
[Black "Mannion, Stephen R"]
[Result "1-0"]
[WhiteElo "2350"]
[BlackElo "2405"]
[EventDate "1993.04.??"]
[PlyCount "111"]

1.d4 Nf6 2.c4 c5 3.d5 b5 4.cxb5 a6 5.f3 Qa5+ 6.Bd2 Qxb5 7.Na3 Qb7 8.e4 e6 
9.Nc4 d6 10.Qe2 Be7 11.O-O-O O-O 12.Bc3 e5 13.Qc2 Ne8 14.Bd3 Nd7 15.f4 f6 
16.f5 Nb6 17.g4 Nxc4 18.Bxc4 Nc7 19.Nf3 Nb5 20.Rd3 Bd7 21.h4 Rfc8 22.Rg1 
Nd4 23.Qd1 Bb5 24.Nd2 a5 25.Bxb5 Qxb5 26.Nb1 a4 27.Na3 Qa6 28.g5 Ra7 29.
Rg2 Rb7 30.Rdg3 Rcb8 31.Qd3 Qxd3 32.Rxd3 Nb5 33.Nc4 Nxc3 34.Rxc3 Rb4 35.
gxf6 Bxf6 36.Nxd6 Bxh4 37.Nc4 Bf6 38.Kc2 Ra8 39.a3 Rb7 40.Rh2 Rab8 41.Kd3 
h6 42.Kc2 Kf8 43.Rd3 Ke7 44.Rhh3 Rb5 45.d6+ Kd7 46.Rd5 R8b7 47.Rh2 Rb8 48.
Kb1 Rb3 49.Rhd2 h5 50.Rxc5 Rc8 51.Nxe5+ Bxe5 52.Rxe5 Re3 53.Re7+ Kc6 54.d7
Rd8 55.e5 Rf3 56.e6 1-0

[Event "Dublin zt"]
[Site "Dublin"]
[Date "1993.??.??"]
[Round "3"]
[White "Rayner, Francis"]
[Black "James, David J"]
[Result "1/2-1/2"]
[WhiteElo "2270"]
[BlackElo "2285"]
[EventDate "1993.04.??"]
[PlyCount "20"]

1.b3 d5 2.Bb2 e6 3.e3 Nf6 4.f4 Be7 5.Nf3 O-O 6.Be2 c5 7.O-O Nc6 8.Ne5 Qc7 
9.d3 Nd7 10.Nxc6 Qxc6 1/2-1/2

[Event "Dublin zt"]
[Site "Dublin"]
[Date "1993.??.??"]
[Round "3"]
[White "Wall, Gavin"]
[Black "King, Daniel J"]
[Result "1/2-1/2"]
[WhiteElo "2300"]
[BlackElo "2500"]
[EventDate "1993.04.??"]
[PlyCount "93"]

1.d4 Nf6 2.Nf3 e6 3.Bf4 b6 4.e3 Bb7 5.Bd3 Nh5 6.Bg5 Be7 7.Bxe7 Qxe7 8.c4 
d6 9.Nc3 Nd7 10.Be4 Bxe4 11.Nxe4 Nhf6 12.Ng3 O-O 13.O-O c5 14.Qa4 Rfc8 15.
Rfd1 a6 16.e4 cxd4 17.Rxd4 Nc5 18.Qa3 b5 19.e5 dxe5 20.Nxe5 Qf8 21.Rad1 
Na4 22.Qb3 Nb6 23.cxb5 Nbd5 24.bxa6 Rxa6 25.a3 Rb6 26.Qa2 Rc2 27.Nc4 Nc3 
28.Qa1 Nxd1 29.Qxd1 Rxc4 30.Rxc4 Rxb2 31.Qc1 Rb8 32.a4 h6 33.a5 Ra8 34.h3 
Kh7 35.Rc5 Qd8 36.Rc7 Kg8 37.a6 Nd5 38.Rc5 Ne7 39.Qc4 Qd1+ 40.Kh2 Qd6 41.
Rc7 Kf8 42.a7 Qb6 43.Rd7 Qc6 44.Qd3 Nd5 45.Qa3+ Ke8 46.Rd6 Rxa7 47.Rxc6 
1/2-1/2

[Event "Dublin zt"]
[Site "Dublin"]
[Date "1993.??.??"]
[Round "3"]
[White "Waters, Michael"]
[Black "Brady, Stephen"]
[Result "0-1"]
[WhiteElo "2100"]
[BlackElo "2305"]
[EventDate "1993.04.??"]
[PlyCount "116"]

1.e4 d5 2.Nc3 dxe4 3.Nxe4 Bf5 4.Ng3 Bg6 5.Nf3 Nf6 6.d4 e6 7.Bd3 Bd6 8.Bg5 
Nc6 9.O-O h6 10.Bxf6 Qxf6 11.Ne4 Bxe4 12.Bxe4 O-O 13.Bxc6 bxc6 14.Qe2 c5 
15.Ne5 Qf4 16.g3 Qxd4 17.Nc4 Qf6 18.Rad1 Rfd8 19.Rd3 Rab8 20.Ra3 Ra8 21.
Rd1 Bf8 22.Rxd8 Qxd8 23.Rd3 Qe8 24.Rf3 Bd6 25.Ra3 Qc6 26.Qf3 Qxf3 27.Rxf3 
Kf8 28.Kf1 Ke7 29.Rb3 e5 30.Rb7 Ke6 31.Ke2 f5 32.Nxd6 Kxd6 33.f3 g5 34.c4 
h5 35.h3 a5 36.Rb3 a4 37.Rd3+ Ke6 38.Kd2 c6 39.Ra3 Rb8 40.Kc2 Rb4 41.b3 h4
42.g4 e4 43.fxe4 fxg4 44.hxg4 Ke5 45.bxa4 Rxc4+ 46.Kd2 Rxe4 47.a5 Rxg4 48.
a6 Rd4+ 49.Ke2 Rd8 50.Kf3 Kd4 51.a7 Ra8 52.Ra6 c4 53.Kg4 c3 54.Kxg5 Rxa7 
55.Rxc6 Rxa2 56.Kxh4 c2 57.Rd6+ Kc5 58.Rd8 Ra4+ 0-1

[Event "Dublin zt"]
[Site "Dublin"]
[Date "1993.??.??"]
[Round "4"]
[White "Clarke, Thomas"]
[Black "Smith, Andrew Philip"]
[Result "1-0"]
[WhiteElo "2205"]
[BlackElo "2265"]
[EventDate "1993.04.??"]
[PlyCount "77"]

1.e4 c5 2.Nc3 e6 3.f4 a6 4.d4 cxd4 5.Qxd4 Nc6 6.Qf2 b5 7.Be3 Bb4 8.Bb6 Qe7
9.a4 bxa4 10.Rxa4 Nf6 11.Bd3 Rb8 12.Ne2 Ng4 13.Qg3 Rxb6 14.Qxg4 f6 15.O-O 
Bc5+ 16.Kh1 Nb4 17.f5 Nxd3 18.cxd3 Rxb2 19.fxe6 O-O 20.Rc4 dxe6 21.Na4 e5 
22.Qf3 Rb4 23.Rxc5 Rxa4 24.Rfc1 Bd7 25.Rc7 Qd6 26.Ng3 Ra3 27.h3 Rxd3 28.
Qf2 Rd1+ 29.Rxd1 Qxd1+ 30.Kh2 Rc8 31.Qa2+ Kf8 32.Qa3+ Kg8 33.Nf5 Re8 34.
Nd6 Re7 35.Qxa6 Qd2 36.Rc8+ Re8 37.Qc4+ Kh8 38.Nf7+ Kg8 39.Nh6+ 1-0

[Event "Dublin zt"]
[Site "Dublin"]
[Date "1993.??.??"]
[Round "4"]
[White "Hodgson, Julian M"]
[Black "Parker, Jonathan"]
[Result "1-0"]
[WhiteElo "2565"]
[BlackElo "2350"]
[EventDate "1993.04.??"]
[PlyCount "79"]

1.d4 d5 2.c4 e6 3.Nf3 Nf6 4.Nc3 Be7 5.Bg5 O-O 6.e3 h6 7.Bh4 b6 8.Rb1 Ne4 
9.Bxe7 Qxe7 10.cxd5 Nxc3 11.bxc3 exd5 12.c4 dxc4 13.Bxc4 Bb7 14.Ne5 Nc6 
15.Ng6 Qg5 16.Nxf8 Qxg2 17.Qh5 Nd8 18.Ke2 Kxf8 19.Rhg1 Qe4 20.Bd3 Qe6 21.
Rbc1 c5 22.dxc5 Qxa2+ 23.Rc2 Qe6 24.Qf5 Ba6 25.Qxe6 Bxd3+ 26.Kxd3 Nxe6 27.
cxb6 axb6 28.Rb1 Nc5+ 29.Ke2 Ra6 30.Rbb2 Ke7 31.Ra2 Na4 32.Rc7+ Ke6 33.
Rac2 b5 34.Rb7 Ra5 35.Rcc7 Kd6 36.Rxf7 Nc5 37.Rb6+ Kd5 38.Rxg7 Kc4 39.Rc7 
b4 40.Rbc6 1-0

[Event "Dublin zt"]
[Site "Dublin"]
[Date "1993.??.??"]
[Round "4"]
[White "Keogh, Eamon"]
[Black "Waters, Michael"]
[Result "0-1"]
[WhiteElo "2215"]
[BlackElo "2100"]
[EventDate "1993.04.??"]
[PlyCount "82"]

1.e4 e5 2.Nc3 Nf6 3.Bc4 Nc6 4.d3 d6 5.Nge2 Be7 6.a3 O-O 7.f3 Ne8 8.Be3 g6 
9.Qd2 Ng7 10.Nd5 Be6 11.O-O-O a6 12.h4 b5 13.Bb3 b4 14.axb4 a5 15.b5 a4 
16.Ba2 Na7 17.Nec3 c6 18.Bxa7 cxd5 19.exd5 Rxa7 20.Qf2 Qa5 21.dxe6 fxe6 
22.Nb1 d5 23.c4 a3 24.b3 Nf5 25.Qe1 Bb4 26.Qxe5 Re7 27.h5 Bd6 28.Qa1 Bf4+ 
29.Nd2 Ne3 30.hxg6 Nxd1 31.Rxd1 hxg6 32.Qb1 Rh7 33.b4 Qb6 34.Qc2 Rh2 35.
cxd5 exd5 36.Bxd5+ Kh7 37.Qc5 Qxc5+ 38.bxc5 Rxg2 39.Kc2 Rd8 40.Bc4 Ra8 41.
Ba2 Ra5 0-1

[Event "Dublin zt"]
[Site "Dublin"]
[Date "1993.??.??"]
[Round "4"]
[White "King, Daniel J"]
[Black "Sadler, Matthew D"]
[Result "1/2-1/2"]
[WhiteElo "2500"]
[BlackElo "2540"]
[EventDate "1993.04.??"]
[PlyCount "51"]

1.c4 e5 2.g3 Nc6 3.Bg2 g6 4.Nc3 Bg7 5.e3 d6 6.Nge2 Nge7 7.O-O O-O 8.d4 
exd4 9.exd4 Bf5 10.h3 h5 11.Bg5 Qd7 12.Kh2 Rfe8 13.Qd2 a5 14.b3 d5 15.Nxd5
Nxd5 16.cxd5 Nb4 17.Nc3 c6 18.dxc6 bxc6 19.Rad1 Bd3 20.Rfe1 Rxe1 21.Rxe1 
Qxd4 22.Ne4 Nc2 23.Rc1 Bxe4 24.Qxd4 Nxd4 25.Bxe4 Re8 26.Bxc6 1/2-1/2

[Event "Dublin zt"]
[Site "Dublin"]
[Date "1993.??.??"]
[Round "4"]
[White "Levitt, Jonathan"]
[Black "Daly, Colm"]
[Result "1/2-1/2"]
[WhiteElo "2460"]
[BlackElo "2275"]
[EventDate "1993.04.??"]
[PlyCount "124"]

1.d4 Nf6 2.c4 g6 3.Nc3 Bg7 4.e4 d6 5.f3 c6 6.Be3 a6 7.c5 b5 8.cxd6 exd6 9.
Bd3 O-O 10.Nge2 Re8 11.O-O Nd5 12.exd5 Rxe3 13.dxc6 Nxc6 14.Be4 Rxe4 15.
Nxe4 Qb6 16.Kh1 Nxd4 17.Nxd4 Bxd4 18.Qd2 Be6 19.Rad1 Be5 20.b3 Rd8 21.Qg5 
Bg7 22.Nf6+ Kh8 23.Nd5 Qb8 24.Nb4 h6 25.Qh4 Qa8 26.Rc1 Rc8 27.Qf4 a5 28.
Rxc8+ Qxc8 29.Rc1 Qd7 30.Nc6 a4 31.bxa4 bxa4 32.Qxa4 d5 33.Qa8+ Kh7 34.Rd1
d4 35.Nxd4 Bxd4 36.Qe4 Qa7 37.Qxd4 Qxa2 38.Ra1 Qb3 39.Ra8 Qb1+ 40.Qg1 Qb7 
41.Qa1 g5 42.Qh8+ Kg6 43.h4 Qb4 44.Rg8+ Kf5 45.Qh7+ Kf4 46.Kh2 Qe1 47.Qe4+
Qxe4 48.fxe4 gxh4 49.Rh8 Kg5 50.Ra8 Kf4 51.Ra4 h5 52.e5+ Kg5 53.Ra1 Kf4 
54.Re1 Bg4 55.Rf1+ Kxe5 56.Rxf7 Ke4 57.Rf8 Ke3 58.Ra8 Ke4 59.Ra3 Kf4 60.
Kg1 Ke5 61.Kf2 Ke4 62.Ra4+ Kf5 1/2-1/2

[Event "Dublin zt"]
[Site "Dublin"]
[Date "1993.??.??"]
[Round "4"]
[White "Noyce, Robert"]
[Black "Barry, Colm"]
[Result "1/2-1/2"]
[WhiteElo "2245"]
[BlackElo "2275"]
[EventDate "1993.04.??"]
[PlyCount "28"]

1.e4 d5 2.exd5 Nf6 3.d4 Nxd5 4.c4 Nb6 5.Nf3 g6 6.h3 Bg7 7.Nc3 O-O 8.Be2 
Nc6 9.Be3 e5 10.dxe5 Nxe5 11.Nxe5 Bxe5 12.Qxd8 Rxd8 13.Rc1 Bf5 14.b3 Bd3 
1/2-1/2

[Event "Dublin zt"]
[Site "Dublin"]
[Date "1993.??.??"]
[Round "4"]
[White "Ryan, Joseph"]
[Black "Wall, Gavin"]
[Result "1/2-1/2"]
[WhiteElo "2270"]
[BlackElo "2300"]
[EventDate "1993.04.??"]
[PlyCount "66"]

1.e4 e5 2.Nf3 Nc6 3.Bb5 a6 4.Bxc6 dxc6 5.O-O Bg4 6.h3 Bxf3 7.Qxf3 Ne7 8.d3
Ng6 9.Nd2 Bd6 10.Nc4 O-O 11.Be3 c5 12.Qg4 Qe7 13.g3 b5 14.Nd2 Rad8 15.h4 
Rfe8 16.a4 c4 17.h5 Nf8 18.dxc4 Bc5 19.Bh6 Ne6 20.Nb3 bxc4 21.Nxc5 Qxc5 
22.Bxg7 f5 23.exf5 Rd4 24.Qf3 Nxg7 25.h6 e4 26.Qg4 Qe5 27.Qxg7+ Qxg7 28.
hxg7 Kxg7 29.Rfd1 c5 30.Kf1 Kf6 31.Ke2 Kxf5 32.Rh1 Kg6 33.Rh4 Rb8 1/2-1/2

[Event "Dublin zt"]
[Site "Dublin"]
[Date "1993.??.??"]
[Round "4"]
[White "Short, Philip M"]
[Black "Crouch, Colin S"]
[Result "1/2-1/2"]
[WhiteElo "2300"]
[BlackElo "2415"]
[EventDate "1993.04.??"]
[PlyCount "66"]

1.d4 g6 2.Nf3 Bg7 3.e4 d6 4.c3 Nf6 5.Nbd2 O-O 6.Be2 Nbd7 7.O-O e5 8.dxe5 
dxe5 9.Qc2 b6 10.Bc4 Bb7 11.Re1 Qe7 12.a4 Rad8 13.b4 Ne8 14.Bd3 Nd6 15.Nc4
Kh8 16.a5 c5 17.axb6 axb6 18.Nxb6 cxb4 19.Nxd7 Qxd7 20.cxb4 f5 21.Bb2 fxe4
22.Bxe4 Bxe4 23.Rxe4 Nxe4 24.Qxe4 Rf4 25.Qe3 e4 26.Bxg7+ Qxg7 27.Re1 Rdf8 
28.Ng5 Qf6 29.Nh3 Rg4 30.g3 Qb2 31.Qc5 Qf6 32.b5 Qf5 33.Qc3+ Qf6 1/2-1/2

[Event "Dublin zt"]
[Site "Dublin"]
[Date "1993.??.??"]
[Round "4"]
[White "Summerscale, Aaron"]
[Black "Howell, James C"]
[Result "0-1"]
[WhiteElo "2345"]
[BlackElo "2470"]
[EventDate "1993.04.??"]
[PlyCount "74"]

1.e4 e5 2.Nf3 Nc6 3.Bb5 a6 4.Ba4 Nf6 5.O-O Be7 6.Qe2 b5 7.Bb3 O-O 8.c3 d6 
9.d4 Bg4 10.Rd1 Qe8 11.h3 Bh5 12.a4 Kh8 13.axb5 axb5 14.Rxa8 Qxa8 15.Qxb5 
exd4 16.cxd4 Rb8 17.Qa4 Qb7 18.Bc2 Nb4 19.Nc3 Nxc2 20.Qxc2 d5 21.e5 Ne4 
22.Ne2 Kg8 23.g4 Bg6 24.Nf4 c5 25.Nxg6 hxg6 26.dxc5 Bxc5 27.Nd4 Bxd4 28.
Rxd4 Rc8 29.Qd1 Qb6 30.Be3 Qxb2 31.Qd3 Rc3 32.Qf1 Ng3 33.fxg3 Rxe3 34.Rxd5
Rxg3+ 35.Kh1 Ra3 36.Rd7 Ra1 37.Rd1 Ra2 0-1

[Event "Dublin zt"]
[Site "Dublin"]
[Date "1993.??.??"]
[Round "5"]
[White "Barry, Colm"]
[Black "Costello, Colin"]
[Result "1-0"]
[WhiteElo "2275"]
[BlackElo "2245"]
[EventDate "1993.04.??"]
[PlyCount "65"]

1.e4 e5 2.Nf3 Nc6 3.Bc4 Bc5 4.c3 Qe7 5.d4 Bb6 6.O-O Nf6 7.Re1 O-O 8.Na3 d6
9.h3 Nd8 10.b3 Re8 11.Bd3 Be6 12.Nc2 c5 13.dxe5 dxe5 14.Nxe5 Bxh3 15.Nc4 
Bg4 16.Qd2 Bc7 17.e5 Nh5 18.Nd6 Rf8 19.Ne3 Qxe5 20.Nef5 Bxd6 21.Rxe5 Bxe5 
22.Qg5 Bxf5 23.Qxf5 Nf6 24.Qxe5 Re8 25.Qf5 Re1+ 26.Kh2 Ne6 27.Bb2 Re5 28.
Qf3 Re8 29.c4 Ng5 30.Qf4 Re4 31.Qxg5 Ng4+ 32.Kg3 f6 33.Qd5+ 1-0

[Event "Dublin zt"]
[Site "Dublin"]
[Date "1993.??.??"]
[Round "5"]
[White "Crouch, Colin S"]
[Black "Ryan, Joseph"]
[Result "1-0"]
[WhiteElo "2415"]
[BlackElo "2270"]
[EventDate "1993.04.??"]
[PlyCount "65"]

1.d4 Nf6 2.c4 c5 3.d5 b5 4.cxb5 a6 5.e3 g6 6.Nc3 Bg7 7.Nf3 O-O 8.bxa6 d6 
9.Be2 Bxa6 10.O-O Nbd7 11.e4 Qb6 12.h3 Rfb8 13.Re1 Ne8 14.Qc2 Nc7 15.b3 
Bxe2 16.Rxe2 Nb5 17.Bb2 Nxc3 18.Bxc3 Bxc3 19.Qxc3 Qb4 20.Qe3 Ra3 21.e5 
dxe5 22.Nxe5 Nxe5 23.Qxe5 Rba8 24.Rd1 Rxa2 25.Rxa2 Rxa2 26.Qxe7 Qxb3 27.
Qe1 Ra8 28.d6 Qb6 29.d7 Rd8 30.Qe5 c4 31.g3 Kf8 32.Re1 Qb8 33.Qh8# 1-0

[Event "Dublin zt"]
[Site "Dublin"]
[Date "1993.??.??"]
[Round "5"]
[White "Daly, Colm"]
[Black "Wells, Peter K"]
[Result "1-0"]
[WhiteElo "2275"]
[BlackElo "2485"]
[EventDate "1993.04.??"]
[PlyCount "87"]

1.c4 g6 2.Nc3 Bg7 3.g3 f5 4.Bg2 Nf6 5.d3 O-O 6.Rb1 c6 7.Bg5 e6 8.Nf3 h6 9.
Bxf6 Qxf6 10.O-O d6 11.Qa4 Nd7 12.Qa3 e5 13.Nd2 a5 14.Rbc1 Ra6 15.Na4 Rd8 
16.Qb3 Nc5 17.Nxc5 dxc5 18.Rfd1 Rd6 19.Nb1 a4 20.Qa3 Bf8 21.Nc3 Be6 22.Nb1
Rd7 23.Qc3 h5 24.Nd2 h4 25.Nf3 hxg3 26.hxg3 Bg7 27.Qa3 Qe7 28.e3 Ra8 29.b3
Rad8 30.bxa4 e4 31.Ne1 f4 32.gxf4 Bf5 33.Rd2 Qh4 34.Rcd1 Bf8 35.Qb3 Bg4 
36.Bxe4 Rh7 37.Bg2 Qh2+ 38.Kf1 Bh3 39.Bxh3 Rxh3 40.Qxb7 Qh1+ 41.Ke2 Rxe3+ 
42.fxe3 Re8 43.e4 Bg7 44.Qd7 1-0

[Event "Dublin zt"]
[Site "Dublin"]
[Date "1993.??.??"]
[Round "5"]
[White "Duncan, Christopher R"]
[Black "Greer, Kieran"]
[Result "1/2-1/2"]
[WhiteElo "2285"]
[BlackElo "2230"]
[EventDate "1993.04.??"]
[PlyCount "59"]

1.e4 e5 2.Nf3 Nc6 3.Bb5 g6 4.d4 exd4 5.Bg5 Be7 6.Bxe7 Ngxe7 7.Nxd4 O-O 8.
Nc3 d5 9.Bxc6 bxc6 10.Nb3 Qd6 11.O-O Rd8 12.Qe2 a5 13.Rfd1 a4 14.e5 Qb4 
15.Rd4 Qb6 16.Nxa4 Qxd4 17.Nxd4 Rxa4 18.c3 c5 19.Qb5 Rc4 20.Nc6 Nxc6 21.
Qxc6 Be6 22.Rd1 d4 23.Qxc7 Rd7 24.Qb8+ Kg7 25.cxd4 Rcxd4 26.Rf1 Bc4 27.g3 
Bxf1 28.Kxf1 Rb4 29.Qc8 Rd1+ 30.Ke2 1/2-1/2